Jak jsme se seznámili a jiný kraviny... : humorné povídky /

Autorka ve svižných povídkách popisuje peripetie partnerského života.

Uloženo v:
Hlavní autor: Hladíková, Kateřina (Autor)
Médium: Kniha
Jazyk:Czech
Vydáno: Praha : Lirego, 2026
Vydání:Vydání první
Témata:
Celkem bylo vypůjčeno:0x
Tagy:
Žádné tagy
LEADER 02017nam a2200373 i 4500
001 106204
003 CZ PrNK
005 20260428102825.0
007 ta
008 260417s2026 xr g 000 j cze
015 |a cnb003750968 
020 |a 9788088437277  |q (brožováno) 
040 |a ABG001  |b cze  |e rda 
072 7 |a 821.162.3-3  |x Česká próza  |2 Konspekt  |9 25 
080 |a 821.162.3-32  |2 MRF 
080 |a (0:82-321.5)  |2 MRF 
100 1 |a Hladíková, Kateřina  |4 aut 
245 1 0 |a Jak jsme se seznámili a jiný kraviny... :  |b humorné povídky /  |c Kateřina Hladíková 
250 |a Vydání první 
264 1 |a Praha :  |b Lirego,  |c 2026 
300 |a 155 stran ;  |c 20 cm 
336 |a text  |b txt  |2 rdacontent 
337 |a bez média  |b n  |2 rdamedia 
338 |a svazek  |b nc  |2 rdacarrier 
520 2 |a Autorka ve svižných povídkách popisuje peripetie partnerského života.  |b Soubor kratších humorně laděných povídek, které s nadsázkou zpracovávají zážitky z autorčina života. Úvodním tématem je, jak poznala svého současného manžela. Navazují silně sebeironicky zpracované vhledy do zdánlivě fádní každodennosti i nevšedních prožitků, ve kterých se mnozí čtenáři doslova najdou. Dozvíte se tak, co všechno se může přihodit při rekonstrukci domu, výletech po Čechách i zahraničí, jaké neočekávanosti může přinést závada na přívodu vody nebo zdánlivě prostá návštěva lékaře. A to vše v úderné a svižné formě, jak je autorce vlastní. Nakladatelská anotace. Kráceno. 
655 7 |a české povídky  |7 fd133971  |2 czenas  |9 54028 
655 7 |a humoristické povídky  |7 fd132428  |2 czenas  |9 53631 
655 9 |a Czech short stories  |2 eczenas 
655 9 |a humorous short stories  |2 eczenas 
710 2 |a LIREGO (nakladatelství)  |7 xx0257421  |4 pbl  |9 117293 
910 |a UOG502 
942 |2 ddc  |c KN 
999 |d 106204 
993 |0 0  |1 421180106930  |2 ddc  |4 0  |7 0  |9 99547  |b 0  |c 106930  |d 2026-04-28  |e 0  |f DOSP  |h 299.00  |i Koupě  |l DOSP  |r 2026-04-28  |t 6  |w 2026-04-28  |y KN  |z BELET  |n